|
|
|
|
| LEADER |
00000ckm a2200000 a 4500 |
| 001 |
vtls001391544 |
| 003 |
SK-MaSNL |
| 005 |
20260331204354.0 |
| 008 |
180126q1960 xo g 0kuslo |
| 020 |
|
|
|c 1,00 Sk
|
| 035 |
|
|
|a SNK000345823
|
| 040 |
|
|
|a SNK
|b slo
|c SNK
|e AACR2
|
| 041 |
0 |
|
|a slo
|
| 044 |
|
|
|a xo
|c SK
|
| 080 |
|
|
|a 779
|2 1981
|
| 100 |
1 |
|
|a Hajduch, Ján,
|d 1906-1972
|4 pht
|9 98286
|
| 245 |
1 |
0 |
|a Čs. štátne kúpele Sliač
|b Liečebný dom Palace
|h grafika
|c foto: Ján Hajduch
|
| 260 |
|
|
|a Bratislava
|b VPL
|c [1960?]
|
| 300 |
|
|
|a 1 pohľadnica
|c 10x15 cm
|
| 610 |
2 |
7 |
|a Kúpele Sliač (Slovensko)
|2 SNKKA
|9 174835
|
| 651 |
|
7 |
|a Sliač (Slovensko)
|2 SNKPHgeo
|9 17143
|
| 655 |
|
7 |
|a miestne pohľadnice
|2 SNKPH
|9 70510
|
| 958 |
|
|
|a GC
|
| 999 |
|
|
|c 592613
|d 594543
|
| 952 |
|
|
|t P60, <03>, [BOOK], {603}
|a SNK
|b SNK
|y PREZ
|7 0
|o snkSP 149296
|i snkPV 557/2000
|0 0
|1 0
|4 0
|d 2000-06-27
|l 0
|r 2005-01-02 00:00:00
|w 2026-02-23
|